MARC details
| 000 -CABECERA |
| campo de control de longitud fija |
01048nam a2200241 a 4500 |
| 001 - NÚMERO DE CONTROL |
| campo de control |
000009692 |
| 005 - FECHA Y HORA DE LA ÚLTIMA TRANSACCIÓN |
| campo de control |
20250128193628.0 |
| 008 - DATOS DE LONGITUD FIJA--INFORMACIÓN GENERAL |
| campo de control de longitud fija |
091001s2005 dr ac 001 0 spa d |
| 020 ## - NÚMERO INTERNACIONAL ESTÁNDAR DEL LIBRO |
| Número Internacional Estándar del Libro |
9993423971 |
| 040 ## - FUENTE DE LA CATALOGACIÓN |
| Centro catalogador/agencia de origen |
DO-SdBNP |
| Lengua de catalogación |
spa |
| Centro/agencia transcriptor |
BNPHU |
| 082 ## - NÚMERO DE LA CLASIFICACIÓN DECIMAL DEWEY |
| Número de clasificación |
972.9356 |
| Número de documento/Ítem |
E77h |
| 100 1# - ENTRADA PRINCIPAL--NOMBRE DE PERSONA |
| Nombre de persona |
Espinal Hernández, Edwin, |
| Fechas asociadas al nombre |
1971- |
| 9 (RLIN) |
8396 |
| 245 10 - MENCIÓN DE TÍTULO |
| Título |
Historia social de Santiago de los Caballeros 1863-1900 / |
| Mención de responsabilidad, etc. |
Edwin Espinal Hernández ; prólogo Bernardo Vega. |
| 260 ## - PUBLICACIÓN, DISTRIBUCIÓN, ETC. |
| Lugar de publicación, distribución, etc. |
Santo Domingo : |
| -- |
Fundación Manuel de Jesús Tavares Portes, |
| Fecha de publicación, distribución, etc. |
2005. |
| 300 ## - DESCRIPCIÓN FÍSICA |
| Extensión |
419 p. : |
| Otras características físicas |
il., retrs. ; |
| Dimensiones |
27 cm. |
| 504 ## - NOTA DE BIBLIOGRAFÍA, ETC. |
| Nota de bibliografía, etc. |
Incluye referencias bibliográficas y notas al pie de las páginas |
| 504 ## - NOTA DE BIBLIOGRAFÍA, ETC. |
| Nota de bibliografía, etc. |
Incluye referencias bibliográficas e índice onomástico p: 382-419 |
| 651 #0 - PUNTO DE ACCESO ADICIONAL DE MATERIA--NOMBRE GEOGRÁFICO |
| Nombre geográfico |
Santiago de los Caballeros (Republica Dominicana) |
| 9 (RLIN) |
8269 |
| 651 #0 - PUNTO DE ACCESO ADICIONAL DE MATERIA--NOMBRE GEOGRÁFICO |
| Nombre geográfico |
Santiago de los Caballeros (Republica Dominicana) |
| 9 (RLIN) |
8269 |
| 650 #4 - PUNTO DE ACCESO ADICIONAL DE MATERIA--TÉRMINO DE MATERIA |
| Término de materia o nombre geográfico como elemento de entrada |
Ciudades y pueblos |
| Subdivisión geográfica |
República Dominicana |
| 9 (RLIN) |
784 |
| 700 1# - PUNTO DE ACCESO ADICIONAL--NOMBRE DE PERSONA |
| Nombre de persona |
Vega, Bernardo, |
| Fechas asociadas al nombre |
1938 - |
| Término indicativo de función/relación |
pról. |
| 9 (RLIN) |
3222 |
| 910 ## - DATOS DE OPCIÓN DEL USUARIO (OCLC) |
| Datos de opción del usuario |
Validado. Control de calidad BNPHU |